Seinfeld Girlfriends - Statistics

General Stats
  • This quiz has been taken 114 times
  • The average score is 6 of 15
Answers on the Grid
Answers color-coded by a green-red scale on the quiz's grid according to % correct below.
Marla the Virgin
Rachel Goldstein
Doris Klompus
Lupe the Chambermaid
Man Hands
Mabel Choate
Mulva
Two-Face
Jackie Chiles
Donna Chang
Susan Ross
Sidra Holland
Sally Weaver
Beth Lukner
Lois
Dr. Sara Sitarides
Jeannie Steinman
Ruthie Cohen
Rebecca DeMornay
Sue Ellen Mischke
Gail Cunningham
Sherry Becker
Molly Dalrymple
Karen Abbott
Coco Higgins
Rula the Psychic
Vivian
Wendy the Physical Therapist
Tia Van Camp
Estelle Costanza
 
Answer Stats
Answer % Correct
Closet strategy is to put everything on hooks Marla the Virgin
89%
Jerry would prefer hooks to these Man Hands
73%
Formerly Changstein Donna Chang
60%
Rhymes with a female body part Mulva
57%
Looks good in the back booth Two-Face
57%
Schindler's List Rachel Goldstein
44%
Works for Duncan Meyer, Jerry's high school nemesis Lois
41%
They're real, and they're spectacular Sidra Holland
40%
Pimple Popper MD Dr. Sara Sitarides
32%
The first ever completely mutual breakup Jeannie Steinman
32%
Braless wonder Sue Ellen Mischke
27%
Snubbed by Kramer Gail Cunningham
24%
Esquire, page 146 Tia Van Camp
24%
Also an anti-dentite Beth Lukner
22%
Tropic of Capricorn Sherry Becker
16%
No matching quizzes found
Score Distribution
Percent of People with Each Score
Percentile by Number Answered
Your Score History
You have not taken this quiz